书目信息 |
| 题名: |
常用智能仪器的原理与使用
|
|
| 作者: | 常向阳 编 | |
| 分册: | ||
| 出版信息: | 北京 电子工业出版社 1993.01 |
|
| 页数: | 420页 | |
| 开本: | 32开 | |
| 丛书名: | ||
| 单 册: | ||
| 中图分类: | TP389.1 | |
| 科图分类: | ||
| 主题词: | 电子计算机--各种 | |
| 电子资源: | ||
| ISBN: | 7-5053-1842-X | |
| 000 | 00591nam0 2200193 45 | |
| 001 | 0005110847 | |
| 005 | 20000511085542.0 | |
| 010 | @a7-5053-1842-X@d10.00元 | |
| 100 | @a20000511d1993 km y0chiy0120 ea | |
| 101 | @achi | |
| 105 | @a z 000yy | |
| 200 | 1 | @a常用智能仪器的原理与使用@AChang Yong Zhi Neng Yi Qi De Yuan Li Yu Shi Yong@f常向阳等编@FChang Xiang Yang Deng Bian |
| 210 | @a北京@c电子工业出版社@d1993.01 | |
| 215 | @a420页@d32开 | |
| 606 | 0 | @a电子计算机@x各种 |
| 690 | @aTP389.1@v3 | |
| 701 | @a常向阳@4编 | |
| 801 | @aCN@bPftUser@c20000511 | |
| 905 | @f1@b55050@dTP389.1@eCH928 | |
| 常用智能仪器的原理与使用/常向阳等编.-北京:电子工业出版社,1993.01 |
| 420页;32开 |
| ISBN 7-5053-1842-X:10.00元 |
| ● |
| 相关链接 |
|
|
|
正题名:常用智能仪器的原理与使用
索取号:TP389.1/CH928
 
预约/预借
| 序号 | 登录号 | 条形码 | 馆藏地/架位号 | 状态 | 备注 |
| 1 | 55050 | 200550509 | 期刊室512/301自科库 90排1列1层/ [索取号:TP389.1/CH928] | 在馆 |